000 00397nam a22001217a 4500
003 SGT
082 _a891.4309
_bB04S
100 _aशर्मा, रामावतार
245 _aब्रम्हर्षि वंश विस्तर
260 _bश्री सीतारामआश्रम ट्रस्ट प्रकाशन
_c2004
300 _a303
942 _2ddc
_cBK
999 _c29923
_d29923